[Event "Cairo Egyptian op"]
[Site "Cairo"]
[Date "2011.11.20"]
[Round "2"]
[White "Labib, Ibrahim Hasan"]
[Black "Nagy, Ashraf"]
[Result "1-0"]
[WhiteElo "2408"]
[BlackElo "2026"]
[PlyCount "66"]
[EventDate "2011.11.19"]
[EventType "swiss"]
[EventRounds "9"]
[EventCountry "EGY"]
[SourceTitle "CBM 145 Extra"]
[Source "ChessBase"]
[SourceDate "2012.01.03"]
[SourceVersion "1"]
[SourceVersionDate "2012.01.03"]
[SourceQuality "1"]

1. e4 c5 2. Nf3 Nc6 3. d4 cxd4 4. Nxd4 e6 5. Nc3 Bb4 6. Nxc6 Bxc3+ 7. bxc3 bxc6 8. Bd3 Ne7 9. Ba3 d5 10. Qh5 Ng6 11. e5 Qa5 12. Bb4 Qc7 13. Bd6 Qa5 14. 0-0 Qd8 15. f4 Ne7 16. g4 Ba6 17. Bxa6 Qb6+ 18. Rf2 Qxa6 19. f5 exf5 20. e6 g6 21. Qg5 Qb7 22. Qf6 Rf8 23. Re1 fxe6 24. Qxe6 Rf7 25. Bxe7 Qd7 26. Bc5+ Qxe6 27. Rxe6+ Kd7 28. Rfe2 Rb8 29. Re7+ Rxe7 30. Rxe7+ Kd8 31. Rxh7 Rb2 32. gxf5 gxf5 33. Rxa7 Rxc2 1-0